000 00298nam a22001337a 4500
008 170505b xxu||||| |||| 00| 0 eng d
020 _a9781568027890
041 _aeng
080 _a34
100 _a15
101 _aSHJ
245 _aGOVERNING STATES & LO9CALTIES
_cSMITH, K.B
942 _2udc
_cBK
999 _c12763
_d12763